Historia de la conquista de México (Record no. 3784)

MARC details
000 -CABECERA
campo de control de longitud fija 00757nam a2200241 a 4500
001 - NÚMERO DE CONTROL
campo de control BRCA_4060
005 - FECHA Y HORA DE LA ÚLTIMA TRANSACCIÓN
campo de control 20190320204530.0
008 - DATOS DE LONGITUD FIJA--INFORMACIÓN GENERAL
campo de control de longitud fija 160210c1846----u--a######---#000-0#eng-#
041 ## - CÓDIGO DE LENGUA
Código de lengua del texto/banda sonora o título independiente spa
044 ## - CÓDIGO DEL PAÍS DE LA ENTIDAD EDITORA/PRODUCTORA
Código MARC del país u
050 #4 - SIGNATURA TOPOGRÁFICA DE LA BIBLIOTECA DEL CONGRESO
Número de clasificación F1219
Número de documento/Ítem .C53 1846
100 1# - ENTRADA PRINCIPAL--NOMBRE DE PERSONA
Nombre de persona Clavijero, Francisco Javier
Fechas asociadas al nombre 1731-1787
9 (RLIN) 9702
245 10 - MENCIÓN DE TÍTULO
Título Historia de la conquista de México
Resto del título sacada de los mejores historiadores
Mención de responsabilidad, etc. Francisco Javier Clavijero.
260 ## - PUBLICACIÓN, DISTRIBUCIÓN, ETC.
Lugar de publicación, distribución, etc. Filadelphia, Pensilvania
Nombre del editor, distribuidor, etc. Mac-Clure
Fecha de publicación, distribución, etc. 1846
300 ## - DESCRIPCIÓN FÍSICA
Extensión 321 p.
Otras características físicas il. 1 mapa plegable
Dimensiones 26 cm
500 ## - NOTA GENERAL
Nota general Contiene: libros octavo, nono y decimo
500 ## - NOTA GENERAL
Nota general C134
650 14 - PUNTO DE ACCESO ADICIONAL DE MATERIA--TÉRMINO DE MATERIA
Término de materia o nombre geográfico como elemento de entrada Indios de México
9 (RLIN) 10532
650 14 - PUNTO DE ACCESO ADICIONAL DE MATERIA--TÉRMINO DE MATERIA
Término de materia o nombre geográfico como elemento de entrada Calendario mexicano
9 (RLIN) 8542
651 #4 - PUNTO DE ACCESO ADICIONAL DE MATERIA--NOMBRE GEOGRÁFICO
Nombre geográfico México
Subdivisión general Historia
9 (RLIN) 614
902 ## - CATALOGADOR
Iniciales GFM
942 ## - ELEMENTOS DE PUNTO DE ACCESO ADICIONAL (KOHA)
Fuente del sistema de clasificación o colocación Library of Congress Classification
Tipo de ítem Koha Libros
Holdings
Estado de retiro Estado de pérdida Estado dañado No para préstamo Localización permanente Ubicación/localización actual Fecha de adquisición Número de inventario Total de préstamos Signatura topográfica completa Código de barras Fecha visto por última vez Precio válido a partir de Tipo de ítem Koha
El ejemplar forma parte de la colección y puede ser consultado según las políticas vigentes.       Biblioteca del Museo Franz Mayer (Rogerio Casas-Alatriste) Biblioteca del Museo Franz Mayer (Rogerio Casas-Alatriste) 16/02/2010 C134   F1219 .C53 1846 (C134) 4057 22/03/2019 22/03/2019 Libros